[Event "Berlin Lichtenberger op 9th"]
[Site "Berlin"]
[Date "2010.08.07"]
[Round "1"]
[White "Stark, Steven"]
[Black "Jachym, Adam"]
[Result "0-1"]
[WhiteElo "1621"]
[BlackElo "1835"]
[PlyCount "124"]
[EventDate "2010.08.07"]
[EventType "swiss"]
[EventRounds "9"]
[EventCountry "GER"]
[SourceTitle "CBM 137 Extra"]
[Source "ChessBase"]
[SourceDate "2010.09.01"]
[SourceVersion "1"]
[SourceVersionDate "2010.09.01"]
[SourceQuality "1"]

1. e4 e5 2. Nf3 Nf6 3. Nc3 Nc6 4. Bb5 Bb4 5. 0-0 0-0 6. a3 Bc5 7. Bxc6 dxc6 8. d3 Re8 9. Bg5 Bg4 10. h3 Bh5 11. g4 Bg6 12. Rb1 a6 13. b4 Ba7 14. Qe2 Qd6 15. Nh4 h6 16. Be3 Bxe3 17. Qxe3 Nh7 18. Nxg6 Qxg6 19. f4 h5 20. g5 exf4 21. Qxf4 Qxg5+ 22. Kh2 Qxf4+ 23. Rxf4 Nf8 24. Rf5 g6 25. Rg1 Ne6 26. Rxh5 Nd4 27. Rg2 Nxc2 28. e5 Ne1 29. Rg3 Nxd3 30. Rf5 Rxe5 31. Rf1 Nb2 32. h4 Rd8 33. Rg2 Nc4 34. Ra2 Rd3 35. Nb1 Re4 36. Rff2 Rxh4+ 37. Kg2 Ne3+ 38. Kg3 Nf5+ 39. Kg2 Rg3+ 40. Kf1 Rh1+ 41. Ke2 Nd4+ 42. Kd2 Rxb1 43. Rh2 Nf3+ 44. Kc2 Nxh2 45. Kxb1 Rg1+ 46. Kb2 Rg2+ 47. Kb3 Rxa2 48. Kxa2 g5 49. Kb3 g4 50. Kc4 g3 51. a4 g2 52. b5 cxb5+ 53. axb5 g1Q 54. bxa6 bxa6 55. Kd5 a5 56. Kc4 a4 57. Kb4 Qb6+ 58. Kc3 a3 59. Kd3 a2 60. Ke4 a1Q 61. Kf4 Qad4+ 62. Kg5 Qg6# 0-1

[Event "Berlin Lichtenberger op 8th"]
[Site "Berlin"]
[Date "2009.08.16"]
[Round "2"]
[White "Badestein, Hartmut"]
[Black "Stark, Steven"]
[Result "1-0"]
[WhiteElo "2182"]
[BlackElo "1169"]
[PlyCount "95"]
[EventDate "2009.08.15"]
[EventType "swiss"]
[EventRounds "9"]
[EventCountry "GER"]
[SourceTitle "CBM 131 Extra"]
[Source "ChessBase"]
[SourceDate "2009.09.03"]
[SourceVersion "2"]
[SourceVersionDate "2009.09.16"]
[SourceQuality "1"]

1. e4 e5 2. Nf3 Nc6 3. Bb5 a6 4. Ba4 b5 5. Bb3 Nf6 6. Ng5 d5 7. exd5 Nxd5 8. Qf3 Be6 9. Nxe6 fxe6 10. Nc3 Nd4 11. Qh5+ g6 12. Qxe5 Nxb3 13. axb3 Nf6 14. Qxe6+ Be7 15. 0-0 Kf8 16. d3 Qd6 17. Qxd6 Bxd6 18. Nxb5 Kf7 19. Nxd6+ cxd6 20. Re1 Rhc8 21. c3 Ng4 22. Bf4 d5 23. f3 Nf6 24. Bg5 Rc6 25. Bxf6 Kxf6 26. d4 Rb8 27. b4 h6 28. Re5 Kf7 29. Kf2 Rd6 30. h4 Rbb6 31. Ke3 Re6 32. Kd3 Red6 33. Ra5 Rb5 34. Rxb5 axb5 35. b3 Kf8 36. c4 bxc4+ 37. bxc4 dxc4+ 38. Kxc4 Kf7 39. b5 Kf6 40. Kc5 Rd8 41. b6 Rc8+ 42. Kb5 Rc2 43. b7 Rxg2 44. Kc6 Rc2+ 45. Rc5 Rf2 46. b8Q Rxf3 47. Qf8+ Ke6 48. Re5# 1-0

[Event "Berlin Lichtenberger op 8th"]
[Site "Berlin"]
[Date "2009.08.15"]
[Round "1"]
[White "Stark, Steven"]
[Black "Hahn, Thomas"]
[Result "1-0"]
[WhiteElo "1169"]
[BlackElo "1826"]
[PlyCount "49"]
[EventDate "2009.08.15"]
[EventType "swiss"]
[EventRounds "9"]
[EventCountry "GER"]
[SourceTitle "CBM 131 Extra"]
[Source "ChessBase"]
[SourceDate "2009.09.03"]
[SourceVersion "2"]
[SourceVersionDate "2009.09.16"]
[SourceQuality "1"]

1. e4 d5 2. Bd3 c6 3. e5 Nh6 4. Nf3 Qc7 5. Be2 Bg4 6. d4 Nf5 7. h3 Bxf3 8. Bxf3 e6 9. Bg4 Nh4 10. Bf3 c5 11. Bg5 Ng6 12. 0-0 Nc6 13. c3 a6 14. Bh5 Nge7 15. f4 cxd4 16. cxd4 Nf5 17. Nc3 Nfxd4 18. Re1 Nf5 19. Nxd5 exd5 20. Qxd5 Ng3 21. Qe6+ Be7 22. Qxf7+ Kd8 23. Red1+ Kc8 24. Bxe7 Nxh5 25. Qe6+ 1-0